French Players in Premier League 2019-20 - Statistics

General Stats
  • This quiz has been taken 291 times
    202 since last reset
  • The average score is 13 of 29
Answer Stats
Club Player % Correct
Manchester United Paul Pogba
88%
Chelsea N'Golo Kanté
85%
Tottenham Hotspur Hugo Lloris
81%
Arsenal Alexandre Lacazette
78%
Manchester United Anthony Martial
76%
Manchester City Benjamin Mendy
73%
Leicester City Nampalys Mendy
73%
Chelsea Olivier Giroud
66%
Manchester City Aymeric Laporte
64%
Everton Lucas Digne
64%
Chelsea Kurt Zouma
58%
Tottenham Hotspur Moussa Sissoko
55%
Newcastle United Allan Saint-Maximin
51%
Brighton & Hove Albion Neal Maupay
51%
Tottenham Hotspur Tanguy Ndombele
48%
Watford Abdoulaye Doucouré
44%
Arsenal Matteo Guendouzi
43%
Wolverhampton Wanderers Willy Boly
33%
West Ham United Issa Diop
29%
Watford Étienne Capoue
24%
Everton Morgan Schneiderlin
24%
West Ham United Sébastien Haller
20%
Aston Villa Frédéric Guilbert
19%
Sheffield United Lys Mousset
19%
Crystal Palace Mamadou Sakho
19%
Everton Djibril Sidibé
18%
Newcastle United Florian Lejeune
15%
Southampton Yan Valery
13%
Norwich City FC Ibrahim Amadou
4%
No matching quizzes found
Score Distribution
Percent of People with Each Score
Percentile by Number Answered
Your Score History
You have not taken this quiz since the last reset